000 01040nam a2200313 i 4500
001 000008368
003 DO-SdBNP
005 20260415140608.0
007 ta
008 090916s1999 dr ac r 000 0 spa d
040 _aDO-SdBNP
_bspa
_cBNPHU
_erda
041 _aspa
082 4 _a641.597293
_bB993c
_222
100 _aByas, Susana,
_d1927-
_eautor
_4aut.
_922585
245 1 3 _aLa cocina cocola de la tía Susana /
_cSusana Byas ; prólogo, Pedro Richardson
264 1 _aSanto Domingo, República Dominicana :
_bEditorial Expreso,
_c1999.
300 _a82 páginas :
_bilustraciones, retratos ;
_c28 cm.
336 _atexto
_btxt
_2rdacontent
337 _asin mediación
_bn
_2rdamedia
338 _avolumen
_bnc
_2rdacarrier
590 _aInventariado, 2018/BT
650 4 _aCocina dominicana
_9192
650 4 _aPreparación de alimentos
_9193
650 4 _aPostres
_97232
650 4 _aBebidas
_922160
700 1 _aRichardson, Pedro,
_eprologuista
_4pr.
_922586
910 _aValidado. Control de calidad. MMOLINA
942 _2ddc
_cLBS1
999 _c8139
_d8139